15 principaux pays touchés par Covid-19 - 15 septembre 2021 - Statistiques

Statistiques générales
  • Ce quiz a été pris 58 fois
    42 depuis la dernière actualisation
  • Le résultat moyen est 12 sur 26
Statistiques - réponses
pays % Correct
Allemagne
100%
France
100%
Etats-Unis
97%
Espagne
95%
Russie
95%
Italie
89%
Royaume-Uni
82%
Brésil
76%
Inde
74%
Mexique
74%
Argentine
58%
Pays-Bas
39%
Turquie
37%
Indonésie
34%
Suède
32%
Colombie
29%
Iran
16%
Uruguay
8%
Estonie
5%
Israël
5%
Panama
5%
Tchèquie
5%
Bahreïn
3%
Lituanie
3%
Slovénie
3%
Géorgie
0%
Aucun quiz correspondant
Distribution des résultats
% des personnes avec chaque résultat
Percentile par nombre de réponses
Votre historique - résultats
Vous n’avez pas pris ce quiz depuis la dernière actualisation